[Event "Moscow Aeroflot op-A"]
[Site "?"]
[Date "2004.02.24"]
[Round "?"]
[White "Wang, Yue"]
[Black "Ghaem Maghami, Ehsan"]
[WhiteElo "2509"]
[BlackElo "2549"]
[Result "1-0"]

1. d4 Nf6 2. c4 c5 3. d5 b5 4. cxb5 a6 5. e3 axb5 6. Bxb5 Qa5+ 7. Nc3 Bb7 8. Ne2 Nxd5 9. O-O Nf6 10. f3 Bc6 11. a4 g6 12. e4 Bxb5 13. Nxb5 Nc6 14. Bd2 Qd8 15. Bc3 e5 16. f4 Ng4 17. fxe5 Ne3 18. Qd2 Nxf1 19. Rxf1 Be7 20. Nd6+ Bxd6 21. exd6 Rf8 22. Bf6 Qa5 23. Nc3 

1-0

[Event "Moscow Aeroflot op-A"]
[Site "?"]
[Date "2004.02.23"]
[Round "?"]
[White "Yakovich, Yuri"]
[Black "Wang, Yue"]
[WhiteElo "2591"]
[BlackElo "2509"]
[Result "1-0"]

1. d4 d5 2. c4 c6 3. Nf3 Nf6 4. e3 a6 5. Bd3 b5 6. b3 Bg4 7. Bb2 e6 8. Nbd2 Bxf3 9. Qxf3 Qa5 10. c5 Qc7 11. b4 Be7 12. a4 Qb7 13. g4 h6 14. h4 Nbd7 15. g5 Ng8 16. Rg1 hxg5 17. hxg5 Bd8 18. g6 f6 19. e4 Bc7 20. exd5 exd5 21. Kd1 O-O-O 22. Re1 Kb8 23. axb5 axb5 24. Nb3 Nf8 25. Na5 Qa6 26. Kc2 Rh4 27. Re3 f5 28. Qe2 Nf6 29. Bxf5 Rf4 30. Bd3 Ng4 31. Rf3 Rxf3 32. Qxf3 Nf6 33. Bc1 Ne6 34. Be3 Bxa5 35. Rxa5 Qc8 36. Bf5 Rf8 37. Kb2 Re8 38. Bf4+ Nxf4 39. Qa3 

1-0

[Event "Moscow Aeroflot op-A"]
[Site "?"]
[Date "2004.02.22"]
[Round "?"]
[White "Wang, Yue"]
[Black "Shaposhnikov, Evgeny"]
[WhiteElo "2509"]
[BlackElo "2573"]
[Result "1/2-1/2"]

1. d4 Nf6 2. c4 e6 3. Nf3 b6 4. a3 Ba6 5. Qc2 Bb7 6. Nc3 c5 7. e4 cxd4 8. Nxd4 d6 9. Be2 Be7 10. O-O O-O 11. Rd1 Nbd7 12. Be3 a6 13. f3 Re8 14. Rac1 Rc8 15. b4 Bf8 16. Qd2 Qc7 17. Nb3 Qb8 18. Bf4 Ne5 19. Bxe5 dxe5 20. Qe3 Bc6 21. c5 bxc5 22. Nxc5 Qa7 23. Qf2 a5 24. Nd3 Qxf2+ 25. Kxf2 axb4 26. Nxb4 Bd7 27. Nb5 h5 28. Nc7 Red8 29. h4 g6 30. Bb5 Bxb5 31. Nxb5 Rxd1 32. Rxc8 Rd2+ 33. Kg3 Kg7 34. Nc6 Rc2 35. Kh3 g5 36. hxg5 Nh7 37. Rc7 Nxg5+ 38. Kh4 Rxg2 39. Nxe5 Kf6 40. f4 Rh2+ 41. Kg3 Rb2 42. Nd7+ Kg7 43. fxg5 

1/2-1/2

[Event "Moscow Aeroflot op-A"]
[Site "?"]
[Date "2004.02.21"]
[Round "?"]
[White "Timoshenko, Georgy"]
[Black "Wang, Yue"]
[WhiteElo "2564"]
[BlackElo "2509"]
[Result "1/2-1/2"]

1. e4 c5 2. Nf3 Nc6 3. d4 cxd4 4. Nxd4 Nf6 5. Nc3 e5 6. Ndb5 d6 7. Bg5 a6 8. Na3 b5 9. Bxf6 gxf6 10. Nd5 f5 11. Bd3 Be6 12. O-O Bxd5 13. exd5 Ne7 14. c3 Bg7 15. Qh5 e4 16. Bc2 Rc8 17. Rae1 O-O 18. Bb3 Rb8 19. Nc2 a5 20. a3 Re8 21. f3 Ng6 22. fxe4 fxe4 23. Ne3 Re5 24. Nf5 b4 25. axb4 axb4 26. c4 Ne7 27. Nxe7+ Rxe7 28. Qh4 Qd7 29. Rxe4 Rxe4 30. Qxe4 Re8 31. Qf4 Qa7+ 32. Kh1 Qe3 33. Qf5 Qe5 34. Qxe5 Bxe5 35. c5 dxc5 36. d6 Rd8 37. Rxf7 c4 38. Bxc4 Rxd6 39. b3 Kh8 40. g3 Rd2 41. Be6 h6 42. Rb7 Bc3 43. Bf5 Kg8 44. h4 Kf8 45. Be6 Be5 46. g4 Rh2+ 47. Kg1 Rxh4 48. Rxb4 h5 49. Re4 Bd6 50. b4 hxg4 51. Bxg4 Rh7 52. b5 Rb7 53. Be2 Re7 54. Bd3 

1/2-1/2

[Event "Moscow Aeroflot op-A"]
[Site "?"]
[Date "2004.02.20"]
[Round "?"]
[White "Wang, Yue"]
[Black "Kudrin, Sergey"]
[WhiteElo "2509"]
[BlackElo "2565"]
[Result "1/2-1/2"]

1. e4 c5 2. Nf3 g6 3. d4 cxd4 4. Nxd4 Bg7 5. c4 Nc6 6. Be3 Nf6 7. Nc3 d6 8. Be2 O-O 9. Qd2 Bd7 10. O-O Nxd4 11. Bxd4 Bc6 12. f3 a5 13. b3 Nd7 14. Be3 Nc5 15. Rab1 Qb6 16. Rfc1 Rfc8 17. Rc2 h5 18. Rf1 Qd8 19. Bf2 Kh7 20. h3 Bh6 21. Qe1 Bg7 22. Bd1 Qh8 23. Kh1 

1/2-1/2

[Event "Moscow Aeroflot op-A"]
[Site "?"]
[Date "2004.02.19"]
[Round "?"]
[White "Eljanov, Pavel"]
[Black "Wang, Yue"]
[WhiteElo "2596"]
[BlackElo "2509"]
[Result "1/2-1/2"]

1. d4 d5 2. c4 c6 3. Nf3 Nf6 4. e3 a6 5. Bd2 e6 6. c5 Nbd7 7. b4 Ne4 8. Nc3 f5 9. Bd3 g6 10. O-O Bg7 11. Ne2 O-O 12. Rb1 Nxd2 13. Nxd2 e5 14. f4 e4 15. Bc2 Nf6 16. a4 Bd7 17. Nb3 h5 18. Qd2 h4 19. Kh1 Bh6 20. Ng1 Nh5 21. Nh3 Ng7 22. Nc1 Ne6 23. Bd1 Rf7 24. Ne2 Rg7 25. Nc3 Be8 26. Rf2 Rc7 27. Be2 Bg7 28. Bf1 Qf6 29. Ne2 Rcc8 30. Qe1 Rcb8 31. Nc1 Ra7 32. Rfb2 Rba8 33. Rb3 Qd8 34. Na2 Bf6 35. Nc3 Bf7 36. R3b2 Kg7 37. Ne2 Be8 38. Ra2 Bf7 39. Raa1 Be8 40. Ra3 Bf7 41. Rba1 Be7 42. Rb1 Be8 43. Nc3 Bf6 44. Qc1 g5 45. fxg5 Bxg5 46. Nxg5 Qxg5 47. Ne2 Bh5 48. Nf4 Nxf4 49. exf4 Qf6 50. Qe3 Kh6 51. Rab3 Rg8 52. Qf2 Bg4 53. h3 Bh5 54. b5 axb5 55. axb5 Be8 56. bxc6 bxc6 57. Rb8 Rag7 58. R1b3 Bh5 59. R8b6 Be8 60. Rb8 Bh5 

1/2-1/2

[Event "Moscow Aeroflot op-A"]
[Site "?"]
[Date "2004.02.18"]
[Round "?"]
[White "Wang, Yue"]
[Black "Kharlov, Andrei"]
[WhiteElo "2509"]
[BlackElo "2607"]
[Result "1/2-1/2"]

1. e4 c5 2. Nf3 Nc6 3. Bb5 d6 4. O-O Bd7 5. Re1 Nf6 6. c3 a6 7. Bf1 Bg4 8. d4 cxd4 9. cxd4 d5 10. e5 Ng8 11. Be3 e6 12. h3 Bxf3 13. Qxf3 Nge7 14. Nc3 Nf5 15. Rad1 b5 16. a3 Rc8 17. Ne2 Be7 18. Ng3 Nxe3 19. fxe3 Bh4 20. Bd3 Qg5 21. Kh2 f5 22. Nxf5 exf5 23. g3 Bxg3+ 24. Qxg3 Qxg3+ 25. Kxg3 g6 26. Rc1 Kd7 27. h4 Ne7 28. Kf4 Ke6 29. Kg5 Kf7 30. Bb1 a5 31. Rf1 Rc6 32. Rc2 Rxc2 33. Bxc2 Rc8 34. Bb1 Rc6 35. Rd1 Ke6 

1/2-1/2

[Event "Moscow Aeroflot op-A"]
[Site "?"]
[Date "2004.02.17"]
[Round "?"]
[White "Ni, Hua"]
[Black "Wang, Yue"]
[WhiteElo "2560"]
[BlackElo "2509"]
[Result "1/2-1/2"]

1. e4 c5 2. c3 d5 3. exd5 Qxd5 4. d4 Nf6 5. Nf3 Bg4 6. Be2 e6 7. h3 Bh5 8. Be3 cxd4 9. cxd4 Nc6 10. Nc3 Bd6 11. O-O 

1/2-1/2

[Event "7th Bad Zwesten op"]
[Site "?"]
[Date "2003.??.??"]
[Round "?"]
[White "Gruettner, Ralf"]
[Black "Wang, Yue"]
[WhiteElo "2053"]
[BlackElo "2495"]
[Result "0-1"]

1. d4 e6 2. e4 b6 3. Nf3 Bb7 4. Bd3 d6 5. Nc3 Nd7 6. O-O g6 7. Bg5 Ne7 8. e5 h6 9. Bf6 Nxf6 10. exf6 Ng8 11. d5 Qxf6 12. Bb5+ Kd8 13. Re1 Bg7 14. dxe6 Bxf3 15. exf7 Ne7 16. Qxf3 Qxf3 17. gxf3 Bxc3 18. bxc3 c6 19. Rxe7 Kxe7 20. Bxc6 Rac8 21. Bd5 Rxc3 22. Re1+ Kd7 23. Be6+ Kd8 24. Bd5 Rc5 25. c4 b5 26. Rb1 Ke7 27. Rxb5 Rxb5 28. cxb5 Rc8 29. a4 Rc1+ 30. Kg2 Ra1 31. Kg3 Rxa4 32. Bc6 Rb4 33. Be8 g5 34. Kg2 d5 35. Kf1 Rh4 36. Kg2 d4 37. f4 Rxf4 38. f3 d3 39. Kf2 g4 

0-1

[Event "7th Bad Zwesten op"]
[Site "?"]
[Date "2003.??.??"]
[Round "?"]
[White "Gutman, Lev"]
[Black "Wang, Yue"]
[WhiteElo "2476"]
[BlackElo "2495"]
[Result "1/2-1/2"]

1. Nf3 c5 2. g3 Nc6 3. d4 cxd4 4. Nxd4 g6 5. Nxc6 bxc6 6. Bg2 Bg7 7. O-O h5 8. h3 Nf6 9. Nd2 O-O 10. Nb3 Ba6 11. Re1 Rc8 12. Bd2 c5 13. Ba5 Qe8 14. e4 d6 15. Bc3 Rd8 16. e5 dxe5 17. Qc1 c4 18. Nc5 Bb5 19. Nb7 Rd5 20. a4 Bc6 21. Na5 Rxa5 22. Bxc6 Qxc6 23. Bxa5 h4 24. Bc3 hxg3 25. fxg3 Ne4 26. Qe3 f5 27. Re2 Kh7 28. Kh2 Qc7 29. Be1 Bh6 30. Qa3 Rf7 31. Rd1 Ng5 32. h4 Ne4 33. Rd5 Nf6 34. Qc5 Nxd5 35. Qxd5 e6 36. Qxe5 Qxe5 37. Rxe5 Rb7 38. Rxe6 Rxb2 39. Re2 Bg7 40. Bf2 a5 41. g4 fxg4 42. Kg3 c3 43. Kxg4 Rb4+ 44. Kf3 Rxa4 45. Re7 Kg8 46. Rb7 Rc4 47. Rb8+ Bf8 48. Ke2 Kf7 49. Rb7+ Ke6 50. Rb5 Kf7 51. Rd5 

1/2-1/2

[Event "7th Bad Zwesten op"]
[Site "?"]
[Date "2003.??.??"]
[Round "?"]
[White "Plischki, Sebastian"]
[Black "Wang, Yue"]
[WhiteElo "2287"]
[BlackElo "2495"]
[Result "0-1"]

1. d4 e6 2. Nf3 f5 3. c4 Nf6 4. Nc3 d5 5. Bf4 c6 6. e3 Be7 7. Bd3 O-O 8. Qc2 Ne4 9. g4 Qa5 10. gxf5 exf5 11. Ke2 Be6 12. Ne5 Nd7 13. Nxd7 Bxd7 14. f3 Rae8 15. Rhg1 Bf6 16. Kf1 Nxc3 17. Qxc3 Qd8 18. c5 Kh8 19. Re1 Rg8 20. Re2 Bc8 21. Bd6 Qd7 22. f4 Qf7 23. Qd2 Qh5 24. Be5 Bxe5 25. fxe5 Ref8 26. Rf2 g5 27. Ke1 Rf7 28. Rgf1 Rgf8 29. Qe2 Qh4 30. Kd2 Be6 31. Kc2 b6 32. b4 bxc5 33. bxc5 f4 34. exf4 Rxf4 35. Rxf4 Rxf4 36. Rxf4 gxf4 37. Kc3 Kg7 38. Qg2+ Kf7 39. Qb2 Qe1+ 40. Qd2 Qa1+ 41. Kb3 Ke8 42. Qxf4 Qd1+ 43. Bc2 Qe2 44. Kb2 Qb5+ 45. Kc1 Qa5 46. Qd2 Qa3+ 47. Kb1 Qh3 48. Kb2 Qh4 49. Kc3 h6 50. Qd3 Qe1+ 51. Kb3 Kd8 52. Qc3 Qe2 53. Bd3 Qd1+ 54. Ka3 Bc8 55. Qa5+ Ke7 56. Qc3 Qg1 57. Kb3 Qxh2 58. Qa5 Bd7 59. Qc7 Qd2 60. Qd6+ Kd8 61. Qc7+ Ke7 62. Qa5 Qf2 

0-1

[Event "7th Bad Zwesten op"]
[Site "?"]
[Date "2003.??.??"]
[Round "?"]
[White "Wang, Yu"]
[Black "Wang, Yue"]
[WhiteElo "2368"]
[BlackElo "2495"]
[Result "0-1"]

1. e4 c5 2. Nf3 d6 3. d4 Nf6 4. Nc3 cxd4 5. Nxd4 a6 6. Be3 e5 7. Nb3 Be6 8. f3 Be7 9. Qd2 O-O 10. Be2 Nbd7 11. Nd5 Bxd5 12. exd5 a5 13. c4 a4 14. Nc1 b5 15. Nd3 bxc4 16. Nb4 Qc7 17. Nc6 Bd8 18. Bxc4 Nb8 19. Rc1 Nxc6 20. dxc6 Qb8 21. O-O Ba5 22. Qe2 Bb6 23. Rfd1 Ra5 24. Kh1 d5 25. Bd3 d4 26. Bd2 Ra7 27. Bg5 Qd6 28. Bxf6 Qxf6 29. Qe4 Qh6 30. g3 Bc7 31. Kg2 g6 32. Rc2 Ra5 33. Qh4 Qxh4 34. gxh4 h5 35. Rdc1 Rb8 36. Bc4 Kf8 37. b3 Rc5 38. bxa4 Rxc6 39. Bb5 Rxc2+ 40. Rxc2 Bd6 41. f4 e4 42. Rc4 Bxf4 43. Rxd4 f5 44. Rd7 Be3 45. Rh7 Kg8 46. Re7 Kf8 47. Rh7 Bd4 48. Rd7 Bc5 49. Rh7 Kg8 50. Rc7 Bb6 51. Re7 Rc8 52. Re6 Rc2+ 53. Kf1 Bc5 54. Rxg6+ Kf7 55. Rg5 Kf6 56. Be8 f4 

0-1

[Event "7th Bad Zwesten op"]
[Site "?"]
[Date "2003.??.??"]
[Round "?"]
[White "Wang, Yue"]
[Black "Deschner, Reinhard"]
[WhiteElo "2495"]
[BlackElo "2196"]
[Result "1-0"]

1. d4 Nf6 2. Bg5 e6 3. Nd2 d5 4. Ngf3 Be7 5. e3 Nbd7 6. Bd3 b6 7. c3 Bb7 8. Qb1 h6 9. Bh4 Nh5 10. Bg3 Nxg3 11. hxg3 Bf6 12. e4 e5 13. dxe5 Bxe5 14. exd5 Bxd5 15. Bc4 Bxc4 16. Nxc4 O-O 17. Qc2 b5 18. Ncxe5 Nxe5 19. Nxe5 Re8 20. f4 f6 21. Rxh6 fxe5 22. Qb3+ Kf8 23. Rh8+ Ke7 24. Rxe8+ Qxe8 25. O-O-O Rd8 26. Rxd8 Kxd8 27. Qd5+ Kc8 28. Qa8+ Kd7 29. Qxe8+ Kxe8 30. Kd2 

1-0

[Event "7th Bad Zwesten op"]
[Site "?"]
[Date "2003.??.??"]
[Round "?"]
[White "Wang, Yue"]
[Black "Kipper, Jens"]
[WhiteElo "2495"]
[BlackElo "2307"]
[Result "1-0"]

1. d4 e6 2. c4 Nf6 3. Nc3 Bb4 4. e3 O-O 5. Ne2 d5 6. a3 Be7 7. cxd5 exd5 8. Ng3 Re8 9. Bd3 Nbd7 10. O-O c6 11. b4 Nb6 12. Bb2 a5 13. b5 c5 14. dxc5 Bxc5 15. Na4 Nxa4 16. Qxa4 Ng4 17. Bxh7+ Kh8 18. Bf5 Qg5 19. Qxg4 Qxg4 20. Bxg4 Bxg4 21. h3 Be6 22. a4 Bd6 23. Ne2 Rec8 24. Rfc1 Rc4 25. Bc3 Bb4 26. Bxb4 axb4 27. Nd4 Rxa4 28. Kf1 Rxa1 29. Rxa1 Bd7 30. b6 Kg8 31. Ke2 Kf8 32. Ra5 Bc6 33. Kd2 Ke7 34. h4 b3 35. Ra3 Ba4 36. Nxb3 Bxb3 37. Rxb3 Rxh4 38. Rc3 Rc4 39. Rxc4 dxc4 40. Kc3 Kd6 41. Kxc4 Kc6 42. e4 Kxb6 43. Kd5 Ka5 44. e5 b5 45. f4 b4 46. Kc4 g6 47. g4 Ka4 48. f5 gxf5 49. gxf5 b3 50. Kc3 

1-0

[Event "7th Bad Zwesten op"]
[Site "?"]
[Date "2003.??.??"]
[Round "?"]
[White "Wang, Yue"]
[Black "Shchekachev, Andrei"]
[WhiteElo "2495"]
[BlackElo "2551"]
[Result "1/2-1/2"]

1. d4 g6 2. c4 Nf6 3. Nc3 Bg7 4. e4 d6 5. f3 O-O 6. Be3 c5 7. d5 e6 8. Qd2 exd5 9. cxd5 Re8 10. a4 a6 11. Nge2 Nbd7 12. Ng3 h5 13. Be2 h4 14. Nf1 Nh7 15. Qc1 f5 16. Nd2 Bd4 17. Nc4 Nb6 18. O-O Nxc4 19. Bxc4 Qf6 20. Qd2 Bxe3+ 21. Qxe3 f4 22. Qd2 Bd7 23. Ne2 b5 24. Bd3 g5 25. b4 Nf8 26. bxc5 dxc5 27. d6 Kg7 28. Rab1 b4 29. Bc4 Ng6 30. Qd5 Ne5 31. Rfc1 h3 32. Qxc5 hxg2 33. Nd4 g4 34. fxg4 Qg5 35. Kxg2 Rac8 36. Qa7 Kf6 37. Kh1 Rh8 38. Rb2 f3 39. Rf1 Rxc4 40. Nxf3 Qf4 41. Rbf2 Nxg4 42. Nd2 Nxf2+ 43. Qxf2 Qxf2 44. Rxf2+ Ke5 45. Nxc4+ Kxe4 46. Nb6 Ke3 47. Rb2 Bc6+ 48. Kg1 Rg8+ 49. Kf1 Be4 50. Nc4+ Kd4 51. Na5 Ke3 52. Re2+ Kd4 53. Ke1 Bd5 54. Rd2+ Kc5 55. Kd1 Kxd6 56. Kc2 Rc8+ 57. Kb2 Rc3 58. Rc2 Rh3 59. Nc4+ Bxc4 60. Rxc4 Rxh2+ 61. Kb3 a5 62. Rg4 Rh3+ 63. Kb2 Re3 64. Rg6+ Kd5 65. Ra6 Kc4 66. Rc6+ Kd4 67. Rd6+ Kc5 68. Ra6 Rg3 69. Rxa5+ Kc4 70. Rh5 Rg2+ 71. Kb1 Kb3 72. Rh1 Kxa4 73. Rf1 Ka3 74. Rh1 Rb2+ 75. Ka1 Re2 

1/2-1/2

[Event "7th Bad Zwesten op"]
[Site "?"]
[Date "2003.??.??"]
[Round "?"]
[White "Wang, Yue"]
[Black "Zhao, Jun"]
[WhiteElo "2495"]
[BlackElo "2374"]
[Result "0-1"]

1. d4 Nf6 2. c4 g6 3. g3 d5 4. Bg2 dxc4 5. Nf3 c6 6. Ne5 Be6 7. Na3 Bd5 8. f3 b5 9. O-O Bg7 10. e4 Be6 11. Be3 O-O 12. Qd2 Qc8 13. Bh6 Bh3 14. g4 Bxg2 15. Kxg2 Nbd7 16. Bxg7 Kxg7 17. g5 Nh5 18. Ng4 f6 19. gxf6+ Ndxf6 20. Qh6+ Kg8 21. Nf2 Rf7 22. Nc2 Qf8 23. Qe3 Nd7 24. Nh3 Nf4+ 25. Nxf4 Rxf4 26. a4 Qh6 27. axb5 cxb5 28. Ra6 Nf6 29. Rf2 Rf8 30. Kh1 Qh4 31. Rg2 Nxe4 32. fxe4 Rf1+ 33. Rg1 R8f2 34. h3 Rf3 35. Ne1 

0-1

[Event "Groningen Harmonie op-A"]
[Site "?"]
[Date "2002.??.??"]
[Round "?"]
[White "Jelic, Bruno"]
[Black "Wang, Yue"]
[WhiteElo "2047"]
[BlackElo "2495"]
[Result "0-1"]

1. d4 e6 2. Nf3 c5 3. c4 cxd4 4. Nxd4 Nf6 5. Nc3 Bc5 6. Nb3 Be7 7. e4 d6 8. Be2 a6 9. Be3 Nbd7 10. g4 h6 11. f4 b6 12. g5 hxg5 13. fxg5 Nh7 14. Qd2 Bxg5 15. Bxg5 Qxg5 16. Qxd6 Nhf6 17. Rd1 Bb7 18. Qc7 Qh4+ 19. Kf1 Bxe4 20. Nxe4 Qxe4 21. Kf2 Ne5 22. h3 Qf4+ 23. Kg2 Ne4 

0-1

[Event "Groningen Harmonie op-A"]
[Site "?"]
[Date "2002.??.??"]
[Round "?"]
[White "Wang, Yue"]
[Black "Florath, Patrick"]
[WhiteElo "2495"]
[BlackElo "2315"]
[Result "1-0"]

1. d4 e6 2. c4 d5 3. Nc3 Nf6 4. cxd5 exd5 5. Bg5 Be7 6. e3 O-O 7. Bd3 Nbd7 8. Nge2 c6 9. Qc2 Re8 10. h3 Nf8 11. O-O-O a5 12. Kb1 b5 13. g4 a4 14. Ng3 Qb6 15. Rhg1 Kh8 16. Rc1 Be6 17. Nce2 Rac8 18. Nf5 Bxf5 19. Bxf5 N6d7 20. Bxe7 Rxe7 21. Nf4 Ree8 22. Bxd7 Nxd7 23. Qf5 Qd8 24. Qxf7 Nb6 25. Ne6 Qe7 26. Qxe7 Rxe7 27. Nc5 Rf7 28. Nd3 Rf3 29. Rh1 Nc4 30. b3 axb3 31. axb3 Nd2+ 32. Kb2 h6 33. Rc2 Ne4 34. Rh2 Kh7 35. Ne5 Rf6 36. f3 Ng5 37. f4 Ne4 38. Rh1 

1-0

[Event "Groningen Harmonie op-A"]
[Site "?"]
[Date "2002.??.??"]
[Round "?"]
[White "Wang, Yue"]
[Black "Janssen, Ruud"]
[WhiteElo "2495"]
[BlackElo "2474"]
[Result "0-1"]

1. d4 e6 2. c4 Nf6 3. Nc3 c5 4. d5 exd5 5. cxd5 d6 6. Nf3 g6 7. Nd2 Bg7 8. e4 O-O 9. Be2 Re8 10. O-O Na6 11. a4 Nb4 12. Ra3 b6 13. Re1 a6 14. h3 Ra7 15. Rf1 Rae7 16. Bf3 Nd7 17. Nc4 Ne5 18. Nxe5 Bxe5 19. Ne2 Rc7 20. Re3 c4 21. b3 c3 22. Ba3 a5 23. Bxb4 axb4 24. Nd4 Bf4 25. Ree1 Bd2 26. Nc2 Bxe1 27. Rxe1 Qg5 28. Nxb4 Bxh3 29. Nc6 Bd7 30. Re3 f5 31. Rxc3 fxe4 32. Be2 e3 33. fxe3 Bf5 34. Bf3 Be4 35. Bxe4 Rxe4 36. Qf3 Re8 37. e4 Rf7 38. Qe2 Qh4 39. e5 dxe5 40. d6 Qf6 41. Rd3 Rd7 42. Qd1 e4 43. Rd5 e3 44. Ne7+ Rdxe7 

0-1

[Event "Groningen Harmonie op-A"]
[Site "?"]
[Date "2002.??.??"]
[Round "?"]
[White "Wang, Yue"]
[Black "Willemze, Thomas"]
[WhiteElo "2495"]
[BlackElo "2240"]
[Result "1-0"]

1. d4 Nf6 2. c4 c5 3. d5 b5 4. cxb5 a6 5. bxa6 g6 6. Nc3 Bxa6 7. e4 Bxf1 8. Kxf1 d6 9. Nf3 Bg7 10. g3 O-O 11. Kg2 Nbd7 12. h3 Ra6 13. Re1 Qa8 14. Bg5 Rb8 15. Qc2 e6 16. dxe6 fxe6 17. Rad1 d5 18. exd5 exd5 19. Re7 d4 20. Nb5 Ra4 21. Nc7 Qa5 22. Ne6 Bf8 23. Nxf8 Rxf8 24. b3 Rb4 25. Bd2 Qd8 26. Rde1 Nd5 27. Bxb4 Nxe7 28. Qc4+ Rf7 29. Ng5 Qa8+ 30. Kg1 Qd5 31. Nxf7 Qxc4 32. Nh6+ Kf8 33. bxc4 cxb4 34. Ng4 Nc5 35. Ne5 b3 36. axb3 Nxb3 37. g4 

1-0

[Event "Groningen Harmonie op-A"]
[Site "?"]
[Date "2002.??.??"]
[Round "?"]
[White "Xu, Yuanyuan"]
[Black "Wang, Yue"]
[WhiteElo "2335"]
[BlackElo "2495"]
[Result "1/2-1/2"]

1. d4 e6 2. c4 f5 3. g3 Nf6 4. Bg2 d5 5. Nf3 c6 6. O-O Bd6 7. b3 Qe7 8. Bb2 O-O 9. Ne5 Bd7 10. Qc1 Be8 11. Ba3 Bh5 12. Re1 Nbd7 13. Nd3 e5 14. Bxd6 Qxd6 15. dxe5 Nxe5 16. Qf4 Rae8 17. Nc3 Ne4 18. Qc1 dxc4 19. Nxe4 fxe4 20. Nxe5 Qxe5 21. Qxc4+ Bf7 22. Qb4 Qc7 23. Bxe4 a5 24. Qd4 Qe7 25. Bg2 Rd8 26. Qc3 Qa3 27. Qc2 Bg6 28. e4 Qb4 29. Rad1 Bh5 30. f3 Rxd1 31. Rxd1 Bxf3 32. Bxf3 Rxf3 33. Kg2 Rf8 34. Qc4+ Qxc4 35. bxc4 b5 36. cxb5 cxb5 

1/2-1/2

[Event "Chinese Championship"]
[Site "?"]
[Date "2014.04.12"]
[Round "?"]
[White "Wan, Yunguo"]
[Black "Wang, Yue"]
[WhiteElo "2505"]
[BlackElo "2717"]
[Result "1/2-1/2"]

1. e4 c5 2. Nf3 e6 3. d4 cxd4 4. Nxd4 Nc6 5. Nc3 Qc7 6. Be2 Nf6 7. O-O Be7 8. Kh1 O-O 9. f4 d6 10. Be3 Nxd4 11. Qxd4 b6 12. Bf3 Bb7 13. Nb5 Qb8 14. c4 Rd8 15. Rad1 a6 16. Nc3 Nd7 17. Qd2 Qc7 18. b3 Rac8 19. Rc1 Qb8 20. Bd4 Bc6 21. f5 Ne5 22. fxe6 fxe6 23. Qe3 h6 24. Bxb6 Bg5 25. Qg1 Bxc1 26. Bxd8 Rxd8 27. Rxc1 Rf8 28. Be2 a5 29. Qd4 Qb4 30. h3 Kf7 31. Rd1 Ke7 32. Qa7+ Nd7 33. Qc7 Qc5 34. Bf3 Ba8 35. Qxc5 Nxc5 36. Kg1 e5 37. Rb1 Bc6 38. Re1 Rb8 39. Bd1 a4 40. Bc2 axb3 41. axb3 Ra8 42. Kf2 Ne6 43. Rb1 Rf8+ 44. Ke3 Nf4 45. Rg1 Ne6 46. Ra1 Rb8 47. Rd1 Rb7 48. Rb1 Ra7 49. g3 Ra8 50. Rb2 Ra7 

1/2-1/2

[Event "Chinese Championship"]
[Site "?"]
[Date "2014.04.13"]
[Round "?"]
[White "Wang, Yue"]
[Black "Zhou, Weiqi"]
[WhiteElo "2717"]
[BlackElo "2606"]
[Result "1/2-1/2"]

1. d4 e6 2. Nf3 Nf6 3. c4 b6 4. g3 Bb7 5. Bg2 Bb4+ 6. Bd2 a5 7. O-O O-O 8. Bf4 Be7 9. Nc3 Na6 10. Ne5 Bxg2 11. Kxg2 Nh5 12. Bd2 f6 13. Nf3 f5 14. a3 Nf6 15. Qc2 Qc8 16. Rad1 Qb7 17. Bg5 Rae8 18. Bxf6 Bxf6 19. e4 fxe4 20. Qxe4 Qxe4 21. Nxe4 Nb8 22. Rfe1 h6 23. Rd2 g5 24. Nxf6+ Rxf6 25. d5 d6 26. Nd4 e5 27. b4 Rc8 28. Nb5 Na6 29. Rb2 Rcf8 30. Nc3 Rf3 31. Re3 Rxe3 32. fxe3 axb4 33. axb4 g4 34. Ne4 Kg7 35. h3 gxh3+ 36. Kxh3 Rf1 37. b5 Nc5 38. Nxc5 bxc5 39. Ra2 Rc1 40. Ra7 Kf6 41. Rxc7 Rxc4 42. Rd7 Kf5 43. Rxd6 Ke4 44. Rd8 Rb4 45. d6 Rxb5 46. Rc8 Rb7 47. Rc7 Rb6 48. d7 Rd6 49. Rxc5 Rxd7 50. Kg4 Rg7+ 51. Kh4 Re7 52. Kh5 Re6 53. Kg4 Rg6+ 54. Kh4 h5 55. Ra5 Rg4+ 56. Kh3 Rg5 57. Kh4 Rg4+ 58. Kh3 Rg7 59. Kh4 Rg8 60. Rb5 Rg4+ 61. Kh3 Rg5 62. Kh4 Rf5 63. g4 hxg4 64. Kxg4 Rf8 65. Kg3 Rf5 66. Kg4 Rf2 67. Kg3 Re2 68. Ra5 Rd2 69. Rb5 Ra2 70. Rc5 Re2 71. Ra5 Rxe3+ 72. Kf2 Rb3 73. Ke2 Rb2+ 74. Ke1 Kf4 75. Ra3 e4 76. Rc3 

1/2-1/2

[Event "Chinese Championship"]
[Site "?"]
[Date "2014.04.14"]
[Round "?"]
[White "Ni, Hua"]
[Black "Wang, Yue"]
[WhiteElo "2654"]
[BlackElo "2717"]
[Result "1/2-1/2"]

1. d4 d5 2. c4 c6 3. cxd5 cxd5 4. Nc3 Nc6 5. Nf3 Nf6 6. Bf4 Bf5 7. e3 e6 8. Qb3 Bb4 9. Bb5 O-O 10. Bxc6 Bxc3+ 11. Qxc3 Rc8 12. Ne5 Ng4 13. Nxg4 Bxg4 14. Qb4 Rxc6 15. Qxb7 Qc8 16. Qxc8 Rfxc8 17. O-O a5 18. f3 Bf5 19. h3 a4 20. g4 Bd3 21. Rf2 f6 22. h4 Rc1+ 23. Rxc1 Rxc1+ 24. Kg2 Bc4 25. b3 axb3 26. axb3 Bxb3 27. Rb2 Rc2+ 28. Rxc2 Bxc2 29. h5 g6 30. hxg6 hxg6 31. g5 fxg5 32. Bxg5 Kf7 

1/2-1/2

[Event "Chinese Championship"]
[Site "?"]
[Date "2014.04.15"]
[Round "?"]
[White "Wang, Yue"]
[Black "Li, Wenxiang"]
[WhiteElo "2717"]
[BlackElo "1846"]
[Result "1-0"]

1. c4 c6 2. d4 d5 3. Nc3 Nf6 4. cxd5 cxd5 5. Bf4 Nc6 6. e3 a6 7. Bd3 Bg4 8. Nge2 e6 9. O-O Bd6 10. f3 Bh5 11. Na4 Bg6 12. Nc5 Bxf4 13. Nxf4 Qe7 14. Rc1 O-O 15. Nxg6 hxg6 16. f4 Rfc8 17. a3 Ne8 18. Qd2 Nd6 19. Rc2 Rc7 20. Rfc1 Na7 21. a4 Rac8 22. b4 Qe8 23. a5 Nab5 24. Qf2 Qe7 25. Rf1 Qf6 26. g4 g5 27. Qg3 gxf4 28. Rxf4 Qe7 29. g5 g6 30. h4 Nf5 31. Bxf5 exf5 32. h5 Re8 33. Rf3 Nd6 34. hxg6 fxg6 35. Rh2 Ne4 36. Qh4 Qxg5+ 37. Qxg5 Nxg5 38. Rg3 Ne4 39. Rxg6+ Kf7 40. Rhg2 Ke7 41. Rg7+ Kd8 42. Rxc7 Kxc7 43. Rg7+ Kc6 44. Nd3 Nd6 45. Kf2 Kb5 46. Rd7 Ne4+ 47. Ke2 Kc6 48. Rh7 Nd6 49. Rh6 Kc7 50. Ne5 Rg8 51. Kf3 Rg1 52. Rh7+ Kc8 53. Nd7 Kc7 54. Nb6+ Kc6 55. Rh6 Rg8 56. Re6 Rd8 57. Kf4 Kb5 58. Nxd5 Kc4 59. Re5 Nf7 60. Rxf5 Rxd5 61. Rxf7 Kxb4 62. Rxb7+ Kxa5 63. Ke4 Rd8 64. d5 Ka4 65. Kd4 a5 66. e4 Ka3 67. e5 a4 68. e6 

1-0

[Event "Chinese Championship"]
[Site "?"]
[Date "2014.06.03"]
[Round "?"]
[White "Liu, Guanchu"]
[Black "Wang, Yue"]
[WhiteElo "2358"]
[BlackElo "2717"]
[Result "0-1"]

1. e4 c5 2. Nf3 Nc6 3. d4 cxd4 4. Nxd4 e6 5. Nc3 Qc7 6. f4 a6 7. Nxc6 Qxc6 8. Bd3 b5 9. Qe2 Bb7 10. Bd2 Ne7 11. a4 b4 12. Na2 Ng6 13. Nxb4 Bxb4 14. Bxb4 Nxf4 15. Qf2 e5 16. g3 Nxd3+ 17. cxd3 f6 18. Kd2 Qe6 19. Rhc1 Bc6 20. Qf5 Qxf5 21. exf5 Kf7 22. Bc5 h5 23. h4 Rhg8 24. d4 g5 25. Re1 Rae8 26. Ra3 gxh4 27. gxh4 Rg4 28. dxe5 Rxe5 

0-1

[Event "Chinese Championship"]
[Site "?"]
[Date "2014.06.04"]
[Round "?"]
[White "Bologan, Viktor"]
[Black "Wang, Yue"]
[WhiteElo "2661"]
[BlackElo "2717"]
[Result "1/2-1/2"]

1. e4 e5 2. Bc4 Nf6 3. d3 Nc6 4. Nf3 Bc5 5. c3 d6 6. O-O O-O 7. h3 Bb6 8. Re1 Ne7 9. Nbd2 Ng6 10. Nf1 Be6 11. Ng3 Bxc4 12. dxc4 Qd7 13. a4 a5 14. b3 h6 15. Nh2 Kh7 16. Ra2 Qe6 17. Ng4 Ne7 18. Kh2 Nd7 19. f4 exf4 20. Bxf4 Rae8 21. Rd2 Bc5 22. Nh5 Qg6 23. Nxg7 Qxg7 24. Bxh6 Qh8 25. Rf1 Ne5 26. Bxf8 Rxf8 27. Nf6+ Kg6 28. Rd3 Nxd3 29. Qxd3 Kg7 30. b4 Ba7 31. c5 Ng6 32. cxd6 cxd6 33. Qd5 axb4 34. cxb4 Qh4 35. Ne8+ Kg8 36. Nxd6 Bb8 37. e5 Qe7 38. Kh1 Qxe5 39. Qxe5 Nxe5 40. Nxb7 Rc8 41. a5 Rc7 42. Nd6 Rc2 43. Nf5 Rb2 44. Ne7+ Kg7 45. a6 Rxb4 46. Ra1 Ba7 47. Nc8 Nc6 48. Nxa7 Nxa7 49. Kh2 Rb8 50. g4 Ra8 51. Kg3 Nc6 52. h4 Ra7 53. g5 Nb8 54. Rb1 Nxa6 55. Ra1 Ra8 56. h5 Nc7 57. Rxa8 Nxa8 58. Kf4 Nb6 59. Kf5 Nd5 60. Ke5 Ne7 61. Ke4 Kf8 62. Ke5 Ng8 63. Kf5 Ke7 64. Ke5 Kf8 65. Kf5 Kg7 66. Ke5 Ne7 67. Ke4 Nc6 68. Kd5 Nb4+ 69. Ke5 Nc6+ 70. Kd5 Nd8 71. Ke5 Nb7 72. Kf5 Nd6+ 73. Ke5 Nc4+ 74. Kf4 Na5 75. g6 fxg6 76. hxg6 Kxg6 77. Ke4 

1/2-1/2